[Event "ROM-chT"]
[Site "Brasov"]
[Date "2011.10.16"]
[Round "9.5"]
[White "Kamsky, Gata"]
[Black "Vajda, Levente"]
[Result "1/2-1/2"]
[WhiteElo "2756"]
[BlackElo "2557"]
[PlyCount "91"]
[EventDate "2011.10.08"]
[EventType "team-tourn"]
[EventRounds "9"]
[EventCountry "ROU"]
[SourceTitle "CBM 144 Extra"]
[Source "ChessBase"]
[SourceDate "2011.10.28"]
[SourceVersion "1"]
[SourceVersionDate "2011.10.28"]
[SourceQuality "1"]
[WhiteTeam "Timisoara Luxten"]
[BlackTeam "Ploiesti Universitar"]
[WhiteTeamCountry "ROU"]
[BlackTeamCountry "ROU"]

1. e4 e5 2. Nf3 Nc6 3. Bb5 a6 4. Ba4 Nf6 5. O-O Be7 6. d3 b5 7. Bb3 O-O 8. a4
Rb8 9. axb5 axb5 10. Nc3 d6 11. Nd5 Nxd5 12. exd5 Nd4 13. Nxd4 exd4 14. Re1 Bf6
15. Qf3 Bd7 16. Bf4 Ra8 17. Rad1 Ra6 18. h3 Qa8 19. Qg3 Re8 20. Rxe8+ Bxe8 21.
Bg5 Bxg5 22. Qxg5 Ra1 23. Qd2 Kf8 24. Qe1 Rxd1 25. Qxd1 f6 26. Qe1 Bf7 27. Qe4
Qa1+ 28. Kh2 Qxb2 29. Qxh7 Qc3 30. Qe4 g6 31. h4 Kg7 32. g4 Kf8 33. Kg2 Qa1 34.
Qf4 Ke7 35. g5 fxg5 36. hxg5 Be8 37. Qf6+ Kd7 38. f4 Qc3 39. Kf1 Qb2 40. Ke2
Qa1 41. Kf2 Qc3 42. Qe6+ Kd8 43. Qe1 Qb2 44. Qe6 Qc3 45. Ke2 Qa1 46. Kf2
1/2-1/2

[Event "Beijing Sportaccord rap"]
[Site "Beijing"]
[Date "2011.12.09"]
[Round "1"]
[White "Wang, Yue"]
[Black "Kamsky, Gata"]
[Result "1/2-1/2"]
[WhiteElo "2697"]
[BlackElo "2732"]
[PlyCount "125"]
[EventDate "2011.12.09"]
[EventType "swiss (rapid)"]
[EventRounds "7"]
[EventCountry "CHN"]
[SourceTitle "CBM 145 Extra"]
[Source "ChessBase"]
[SourceDate "2012.01.03"]
[SourceVersion "1"]
[SourceVersionDate "2012.01.03"]
[SourceQuality "1"]

1. Nf3 Nf6 2. c4 c6 3. d4 d5 4. Nc3 a6 5. g3 dxc4 6. Bg2 g6 7. O-O Bg7 8. a4 a5
9. e4 Bg4 10. Be3 e5 11. dxe5 Nfd7 12. e6 fxe6 13. Qc2 Bxf3 14. Bxf3 Na6 15.
Na2 b5 16. Rad1 O-O 17. Be2 Qe7 18. f4 Nb4 19. Nxb4 axb4 20. e5 b3 21. Qd2 Rfd8
22. Qd6 Qxd6 23. Rxd6 c3 24. Rxc6 bxa4 25. Rxc3 Nxe5 26. fxe5 Bxe5 27. Rc4 Bxb2
28. Bf3 a3 29. Bxa8 Rxa8 30. Rb4 a2 31. Rxb3 a1=Q 32. Rxa1 Bxa1 33. Rb7 h5 34.
Kg2 Ra2+ 35. Kf3 Rxh2 36. Re7 e5 37. Bh6 e4+ 38. Rxe4 Ra2 39. Re7 Ra3+ 40. Kg2
Ra6 41. Bg5 Kf8 42. Rb7 Ra5 43. Bf4 Bf6 44. Bc7 Ra6 45. Kf3 Ke8 46. Bf4 Ra3+
47. Ke4 Ra5 48. Bc7 Rf5 49. Bf4 Be7 50. Ra7 Rb5 51. Be5 Rb6 52. Bf4 Re6+ 53.
Kf3 g5 54. Bc1 g4+ 55. Kg2 Bc5 56. Rh7 Re2+ 57. Kf1 Re5 58. Bf4 Rf5 59. Ke2 Rd5
60. Rb7 Be7 61. Ke3 h4 62. gxh4 Bxh4 63. Ke4 1/2-1/2

[Event "Beijing Sportaccord rap"]
[Site "Beijing"]
[Date "2011.12.09"]
[Round "2"]
[White "Kamsky, Gata"]
[Black "Grischuk, Alexander"]
[Result "0-1"]
[WhiteElo "2732"]
[BlackElo "2752"]
[PlyCount "162"]
[EventDate "2011.12.09"]
[EventType "swiss (rapid)"]
[EventRounds "7"]
[EventCountry "CHN"]
[SourceTitle "CBM 145 Extra"]
[Source "ChessBase"]
[SourceDate "2012.01.03"]
[SourceVersion "1"]
[SourceVersionDate "2012.01.03"]
[SourceQuality "1"]

1. e4 c6 2. d4 d5 3. e5 Bf5 4. Nd2 e6 5. Nb3 Nd7 6. Nf3 Ne7 7. Be2 Bg6 8. O-O
Nf5 9. Ng5 Be7 10. Nh3 c5 11. c3 c4 12. Nd2 h6 13. a4 Bh7 14. g4 Nh4 15. f4 h5
16. gxh5 Bf5 17. Bg4 Qb6 18. a5 Qc6 19. Re1 g6 20. hxg6 fxg6 21. Bxf5 gxf5 22.
Nf3 Nxf3+ 23. Qxf3 O-O-O 24. Be3 Rh7 25. Re2 Rdh8 26. Ng5 Bxg5 27. fxg5 Nf8 28.
Kh1 Rh3 29. Qg2 Ng6 30. Rf1 Qa4 31. Bc1 Qxa5 32. Re3 R3h4 33. Rg3 Qa4 34. h3 a6
35. Kh2 Kb8 36. Qf2 Ka8 37. Rf3 Qd7 38. Rg1 R8h5 39. Qf1 Rh8 40. Rgg3 Qh7 41.
Bf4 Qh5 42. Bc1 Re4 43. Rg1 Rh4 44. Bd2 Qh7 45. Rgg3 Qc7 46. Bc1 Qa5 47. Rg1
Qa2 48. Qf2 Qb3 49. Rgg3 Qa4 50. Qf1 Re4 51. Rf2 Qa1 52. Qd1 Reh4 53. Qc2 R8h7
54. Rff3 Qa5 55. Qd1 Qd8 56. Qf1 R7h5 57. Rg1 Qh8 58. Rgg3 Qe8 59. Rg1 Re4 60.
Qf2 Qh8 61. Qf1 Rhh4 62. Rgg3 Qh5 63. Bd2 Ka7 64. Rg1 Rhg4 65. Rgg3 Rxg3 66.
Rxg3 Nh4 67. Be3 f4 68. Bxf4 Re2+ 69. Kg1 Rxb2 70. Rg4 Ng6 71. Be3 Rc2 72. Rg3
Rxc3 73. Kh2 Rc2+ 74. Rg2 Rc3 75. Rg3 Rb3 76. Bd2 Rb2 77. Qc1 Ra2 78. Kh1 Qe2
79. Rg2 Qe4 80. Qe1 Qf3 81. Kg1 c3 0-1

[Event "Beijing Sportaccord rap"]
[Site "Beijing"]
[Date "2011.12.10"]
[Round "3"]
[White "Giri, Anish"]
[Black "Kamsky, Gata"]
[Result "1/2-1/2"]
[WhiteElo "2714"]
[BlackElo "2732"]
[PlyCount "153"]
[EventDate "2011.12.09"]
[EventType "swiss (rapid)"]
[EventRounds "7"]
[EventCountry "CHN"]
[SourceTitle "CBM 145 Extra"]
[Source "ChessBase"]
[SourceDate "2012.01.03"]
[SourceVersion "1"]
[SourceVersionDate "2012.01.03"]
[SourceQuality "1"]

1. d4 d5 2. c4 c6 3. Nf3 Nf6 4. Qb3 a5 5. Bf4 a4 6. Qc2 Bg4 7. Ne5 Bh5 8. e3 e6
9. a3 Nbd7 10. Nxd7 Nxd7 11. Nc3 Bg6 12. Qd1 Qa5 13. cxd5 exd5 14. Be2 Be7 15.
O-O O-O 16. Bd3 Rfe8 17. h3 Bf8 18. Re1 Qa7 19. Bxg6 hxg6 20. Rb1 Be7 21. Qd3
Bf6 22. Red1 Qa6 23. Qxa6 Rxa6 24. b3 axb3 25. a4 Rea8 26. Rxb3 Rb6 27. Rdb1
Bd8 28. Bd6 f5 29. Kf1 Kf7 30. Ke2 Ke6 31. Ba3 Raa6 32. Kd3 Rxb3 33. Rxb3 Rb6
34. Rxb6 Bxb6 35. Bb4 g5 36. Ne2 g6 37. f3 Ba7 38. g4 Bb8 39. a5 Bc7 40. Nc3
Nb8 41. Na4 Na6 42. Nc5+ Nxc5+ 43. dxc5 Bd8 44. Bc3 Be7 45. Bd4 Kd7 46. Kc2 Kc8
47. Kd3 Kb8 48. Be5+ Kc8 49. Bd4 Bd8 50. Bc3 Kd7 51. Bd2 Bf6 52. Be1 Be5 53.
Bd2 Kc8 54. Be1 Kc7 55. h4 gxh4 56. Bxh4 fxg4 57. fxg4 Kd7 58. Be1 Ke6 59. Bf2
Bh2 60. Bh4 Bc7 61. Be1 Be5 62. Bh4 Bb2 63. Bd8 Ba3 64. Kd4 Kd7 65. Bb6 Bb2+
66. Kd3 Be5 67. Ke2 Bf6 68. Kd3 Be7 69. Kd4 Ke6 70. Ba7 Bf6+ 71. Kd3 Bd8 72.
Bb6 Bxb6 73. axb6 Ke5 74. g5 Ke6 75. Kc3 Ke5 76. Kd3 Ke6 77. Kc3 1/2-1/2

[Event "Beijing Sportaccord rap"]
[Site "Beijing"]
[Date "2011.12.10"]
[Round "4"]
[White "Kamsky, Gata"]
[Black "Almasi, Zoltan"]
[Result "1-0"]
[WhiteElo "2732"]
[BlackElo "2707"]
[PlyCount "57"]
[EventDate "2011.12.09"]
[EventType "swiss (rapid)"]
[EventRounds "7"]
[EventCountry "CHN"]
[SourceTitle "CBM 145 Extra"]
[Source "ChessBase"]
[SourceDate "2012.01.03"]
[SourceVersion "1"]
[SourceVersionDate "2012.01.03"]
[SourceQuality "1"]

1. d4 Nf6 2. Nf3 e6 3. Bf4 c5 4. e3 b6 5. Nbd2 Bb7 6. c3 Be7 7. Bd3 Nh5 8. Bg3
d6 9. Qe2 a6 10. e4 cxd4 11. cxd4 Nc6 12. a3 d5 13. e5 O-O 14. O-O Qd7 15. Rfe1
Rfe8 16. Qe3 Nxg3 17. hxg3 f6 18. b4 fxe5 19. dxe5 Qd8 20. Nb3 Rc8 21. Rab1 Bf8
22. g4 g6 23. g5 a5 24. Nh2 d4 25. Qg3 Bg7 26. bxa5 Nxe5 27. Rxe5 Rc3 28. Ng4
Bxe5 29. Qxe5 1-0

[Event "Beijing Sportaccord rap"]
[Site "Beijing"]
[Date "2011.12.11"]
[Round "6"]
[White "Kamsky, Gata"]
[Black "Ponomariov, Ruslan"]
[Result "1-0"]
[WhiteElo "2732"]
[BlackElo "2723"]
[PlyCount "69"]
[EventDate "2011.12.09"]
[EventType "swiss (rapid)"]
[EventRounds "7"]
[EventCountry "CHN"]
[SourceTitle "CBM 145 Extra"]
[Source "ChessBase"]
[SourceDate "2012.01.03"]
[SourceVersion "1"]
[SourceVersionDate "2012.01.03"]
[SourceQuality "1"]

1. d4 Nf6 2. Nf3 d5 3. g3 e6 4. Bg2 b5 5. O-O Nbd7 6. a4 b4 7. a5 Ba6 8. c3
bxc3 9. bxc3 c5 10. Qa4 Bxe2 11. Re1 Bxf3 12. Bxf3 Be7 13. Bf4 O-O 14. Nd2 Re8
15. Rab1 Qc8 16. Rb3 Nf8 17. Reb1 Ng6 18. Rb8 Qd7 19. Qxd7 Nxd7 20. Rxa8 Rxa8
21. Rb7 Ngf8 22. a6 Bd8 23. Nb3 cxd4 24. cxd4 Bb6 25. Be2 Rc8 26. Bb5 Rc3 27.
Bxd7 Nxd7 28. Nc5 g5 29. Nxd7 gxf4 30. Nxb6 f3 31. h4 Rc1+ 32. Kh2 Rc2 33. Rxa7
Rxf2+ 34. Kg1 Ra2 35. Nd7 1-0

[Event "Beijing Sportaccord rap"]
[Site "Beijing"]
[Date "2011.12.11"]
[Round "7"]
[White "Wang, Hao"]
[Black "Kamsky, Gata"]
[Result "1/2-1/2"]
[WhiteElo "2736"]
[BlackElo "2732"]
[PlyCount "185"]
[EventDate "2011.12.09"]
[EventType "swiss (rapid)"]
[EventRounds "7"]
[EventCountry "CHN"]
[SourceTitle "CBM 145 Extra"]
[Source "ChessBase"]
[SourceDate "2012.01.03"]
[SourceVersion "1"]
[SourceVersionDate "2012.01.03"]
[SourceQuality "1"]

1. Nf3 d5 2. d4 c6 3. c4 Nf6 4. Nc3 a6 5. e3 g6 6. Be2 Bg7 7. O-O O-O 8. a4 a5
9. Qb3 e6 10. Rd1 Nbd7 11. Qc2 b6 12. cxd5 exd5 13. e4 dxe4 14. Nxe4 Nxe4 15.
Qxe4 Qe8 16. Qc2 Nf6 17. Ne5 c5 18. Bb5 Qe6 19. Bc4 Nd5 20. Qb3 Bb7 21. dxc5
Qxe5 22. Bxd5 Bxd5 23. Qxd5 bxc5 24. Be3 Qxd5 25. Rxd5 Bxb2 26. Rb1 Rfd8 27.
Rxc5 Bd4 28. Bxd4 Rxd4 29. Ra1 Rad8 30. g3 R8d5 31. Rc7 Rd1+ 32. Rxd1 Rxd1+ 33.
Kg2 Rd4 34. Ra7 Rxa4 35. h4 Kg7 36. Ra6 h6 37. Kf3 Ra1 38. Kf4 a4 39. g4 a3 40.
g5 h5 41. Ra8 a2 42. f3 Kh7 43. Ra7 Kg8 44. Ra8+ Kg7 45. Ra7 Kf8 46. Ra8+ Ke7
47. Ra7+ Ke6 48. Ra5 Kd6 49. Ra8 Kc5 50. Rc8+ Kd4 51. Rc2 Kd3 52. Rb2 Kc3 53.
Re2 Kb3 54. Re3+ Kb2 55. Re2+ Kc3 56. Ke4 Kb3 57. Re3+ Kb2 58. Re2+ Kc3 59. Kf4
Kd4 60. Rd2+ Kc5 61. Re2 Kd6 62. Rb2 Ke7 63. Re2+ Kf8 64. Rb2 Kg7 65. Rc2 Rh1
66. Rxa2 Rxh4+ 67. Kg3 Rd4 68. Ra5 Kf8 69. Re5 Ra4 70. Rb5 Ra7 71. Re5 Ra6 72.
Kf4 Re6 73. Ra5 Re1 74. Kg3 Rd1 75. Re5 Rd4 76. Kh3 Rd7 77. Kg3 Re7 78. Ra5 Ke8
79. Ra8+ Kd7 80. Ra7+ Ke6 81. Ra6+ Kf5 82. Ra5+ Re5 83. Ra6 h4+ 84. Kxh4 Kf4
85. Ra3 Rb5 86. Rc3 Re5 87. Ra3 Re2 88. Kh3 Rf2 89. Ra4+ Kxf3 90. Ra7 Ke4 91.
Re7+ Kd5 92. Kg3 Rf5 93. Kg4 1/2-1/2

[Event "Beijing Sportaccord blitz"]
[Site "Beijing"]
[Date "2011.12.13"]
[Round "9"]
[White "Grischuk, Alexander"]
[Black "Kamsky, Gata"]
[Result "1/2-1/2"]
[WhiteElo "2752"]
[BlackElo "2732"]
[PlyCount "95"]
[EventDate "2011.12.12"]
[EventType "swiss (blitz)"]
[EventRounds "15"]
[EventCountry "CHN"]
[SourceTitle "CBM 145 Extra"]
[Source "ChessBase"]
[SourceDate "2012.01.03"]
[SourceVersion "1"]
[SourceVersionDate "2012.01.03"]
[SourceQuality "1"]

1. e4 e5 2. Nf3 Nc6 3. Bb5 a6 4. Ba4 Nf6 5. O-O Be7 6. Re1 b5 7. Bb3 d6 8. c3
O-O 9. a3 Nb8 10. d4 Nbd7 11. c4 Bb7 12. Nc3 c6 13. Bg5 h6 14. Bh4 Nh7 15. Bg3
Ng5 16. Nxg5 Bxg5 17. cxb5 axb5 18. d5 Nb6 19. dxc6 Bxc6 20. Qd3 Qd7 21. Rad1
Rad8 22. Nd5 Bxd5 23. Bxd5 Rc8 24. Re2 Kh8 25. h4 Be7 26. f3 Nxd5 27. Qxd5 Qc6
28. Bf2 Qa6 29. Red2 Rc6 30. g3 h5 31. Kg2 g6 32. Be3 Kg7 33. Qb3 Rb8 34. Qd3
Qa4 35. Qe2 Qc4 36. Qxc4 bxc4 37. Rc2 f5 38. Rd5 fxe4 39. fxe4 Kf6 40. Bd2 Ke6
41. Bc3 Rbc8 42. Rf2 Rc5 43. Rxc5 Rxc5 44. Rd2 Rb5 45. Kf3 Bd8 46. Ke2 Ba5 47.
Rc2 d5 48. Kd2 1/2-1/2

[Event "Beijing Sportaccord blitz"]
[Site "Beijing"]
[Date "2011.12.13"]
[Round "11"]
[White "Ponomariov, Ruslan"]
[Black "Kamsky, Gata"]
[Result "1-0"]
[WhiteElo "2723"]
[BlackElo "2732"]
[PlyCount "97"]
[EventDate "2011.12.12"]
[EventType "swiss (blitz)"]
[EventRounds "15"]
[EventCountry "CHN"]
[SourceTitle "CBM 145 Extra"]
[Source "ChessBase"]
[SourceDate "2012.01.03"]
[SourceVersion "1"]
[SourceVersionDate "2012.01.03"]
[SourceQuality "1"]

1. e4 c5 2. Nf3 e6 3. d3 Nc6 4. g3 g6 5. Bg2 Bg7 6. O-O d6 7. c3 e5 8. a3 Nge7
9. b4 b6 10. b5 Nb8 11. d4 Bb7 12. Re1 Nd7 13. a4 O-O 14. Nbd2 a6 15. Rb1 axb5
16. axb5 Qc7 17. Qb3 h6 18. Bb2 Kh7 19. Ra1 exd4 20. cxd4 d5 21. Rxa8 Bxa8 22.
e5 Nf5 23. Bh3 Nxd4 24. Nxd4 cxd4 25. Bxd7 Qxd7 26. Bxd4 Re8 27. f4 Re6 28. Nf3
Bb7 29. Kf2 Bc8 30. Rc1 Qd8 31. Rc6 Bf8 32. Bxb6 Qe8 33. Qxd5 Bd7 34. Rxe6 Bxe6
35. Qd3 Qb8 36. Be3 Qa8 37. b6 Bg4 38. Nd2 Bf5 39. Qc4 Be6 40. Qe4 Bd5 41. Qd4
Qc6 42. h4 Bh1 43. Ke1 Qc1+ 44. Ke2 Qc6 45. Qc4 Qg2+ 46. Bf2 Kg7 47. e6 fxe6
48. Qxe6 Qa8 49. Bd4+ 1-0

[Event "Beijing Sportaccord blitz"]
[Site "Beijing"]
[Date "2011.12.13"]
[Round "12"]
[White "Kamsky, Gata"]
[Black "Almasi, Zoltan"]
[Result "1-0"]
[WhiteElo "2732"]
[BlackElo "2707"]
[PlyCount "75"]
[EventDate "2011.12.12"]
[EventType "swiss (blitz)"]
[EventRounds "15"]
[EventCountry "CHN"]
[SourceTitle "CBM 145 Extra"]
[Source "ChessBase"]
[SourceDate "2012.01.03"]
[SourceVersion "1"]
[SourceVersionDate "2012.01.03"]
[SourceQuality "1"]

1. d4 Nf6 2. Nf3 e6 3. Bf4 c5 4. e3 b6 5. Nbd2 Bb7 6. h3 Be7 7. c3 O-O 8. Bd3
d5 9. O-O Nc6 10. a4 Bd6 11. Bg5 h6 12. Bh4 Be7 13. Ne5 Nxe5 14. dxe5 Nd7 15.
Bg3 Qc7 16. Qh5 Rfe8 17. f4 f5 18. c4 Qc6 19. Rf2 dxc4 20. Bxc4 Kh7 21. Qf7 Bf8
22. Bb5 Qd5 23. Qxd7 Red8 24. Qxd5 Bxd5 25. Bh4 Rdc8 26. Ba6 Rc7 27. b3 Rd7 28.
Rc1 g5 29. fxg5 Bg7 30. Nc4 Rg8 31. gxh6 Bxh6 32. Re1 Rdg7 33. Ree2 Rd7 34. Bf6
Be4 35. Nd2 Ba8 36. Bc4 Rxd2 37. Rxd2 Bxe3 38. Kf1 1-0

[Event "Beijing Sportaccord blitz"]
[Site "Beijing"]
[Date "2011.12.13"]
[Round "13"]
[White "Wang, Yue"]
[Black "Kamsky, Gata"]
[Result "1/2-1/2"]
[WhiteElo "2697"]
[BlackElo "2732"]
[PlyCount "119"]
[EventDate "2011.12.12"]
[EventType "swiss (blitz)"]
[EventRounds "15"]
[EventCountry "CHN"]
[SourceTitle "CBM 145 Extra"]
[Source "ChessBase"]
[SourceDate "2012.01.03"]
[SourceVersion "1"]
[SourceVersionDate "2012.01.03"]
[SourceQuality "1"]

1. d4 d5 2. c4 c6 3. Nf3 Nf6 4. Nc3 a6 5. g3 g6 6. Bg2 Bg7 7. cxd5 cxd5 8. Ne5
O-O 9. O-O e6 10. Bg5 Qb6 11. Na4 Qd6 12. Rc1 Nfd7 13. Nf3 Nc6 14. Qd2 Re8 15.
a3 Nf6 16. Bf4 Qd8 17. Nc5 Ne4 18. Qe3 Nxc5 19. Rxc5 Bd7 20. Rfc1 Qb6 21. b4
Bf8 22. Ne5 Nxe5 23. Bxe5 Bc6 24. Qf4 Qd8 25. Bf6 Be7 26. Bxe7 Rxe7 27. e3 Kg7
28. Bf1 h6 29. h4 Qb6 30. Qe5+ f6 31. Qd6 Kf7 32. Qf4 Kg7 33. Qd6 Kf7 34. Qf4
Rh8 35. Bd3 g5 36. Qf3 Kg7 37. Kh2 Rf7 38. Qh5 Kf8 39. Qg4 Re7 40. Qf3 Kg7 41.
Qh5 Be8 42. Qd1 Bf7 43. Qc2 Qd6 44. Rc7 Rhe8 45. Qc5 Qd8 46. Rxe7 Rxe7 47. Qc8
Qd6 48. Kg2 Be8 49. Qc5 Qd8 50. Rh1 Bf7 51. Rc1 Be8 52. Qc2 Bf7 53. Qc8 Qd6 54.
Rh1 Re8 55. Qc2 Bg8 56. Bh7 Bf7 57. Bd3 Bg8 58. Be2 Re7 59. Bh5 Bh7 60. Qc8
1/2-1/2

[Event "Beijing Sportaccord blitz"]
[Site "Beijing"]
[Date "2011.12.13"]
[Round "14"]
[White "Kamsky, Gata"]
[Black "Dominguez Perez, Leinier"]
[Result "0-1"]
[WhiteElo "2732"]
[BlackElo "2712"]
[PlyCount "78"]
[EventDate "2011.12.12"]
[EventType "swiss (blitz)"]
[EventRounds "15"]
[EventCountry "CHN"]
[SourceTitle "CBM 145 Extra"]
[Source "ChessBase"]
[SourceDate "2012.01.03"]
[SourceVersion "1"]
[SourceVersionDate "2012.01.03"]
[SourceQuality "1"]

1. d4 Nf6 2. Nf3 g6 3. Bg5 Bg7 4. Nbd2 O-O 5. c3 d5 6. e3 Nbd7 7. Be2 b6 8. a4
a6 9. O-O Bb7 10. b4 Ne4 11. Nxe4 dxe4 12. Nd2 h6 13. Bh4 g5 14. Bg3 e6 15. Qb3
Kh8 16. a5 b5 17. c4 f5 18. f3 c5 19. bxc5 Nxc5 20. Qb4 Nd3 21. Bxd3 exd3 22.
cxb5 f4 23. Bf2 axb5 24. e4 Qd7 25. Nb3 g4 26. Nc5 Qf7 27. fxg4 Bc6 28. Rad1
Qg6 29. Rxd3 Qxg4 30. h3 Qg6 31. d5 f3 32. g3 exd5 33. exd5 Bd7 34. Kh2 Bxh3
35. Kxh3 Rf5 36. g4 Rh5+ 37. Kg3 Rf8 38. Bd4 Qd6+ 39. Kf2 Qh2+ 0-1

[Event "Beijing Sportaccord blitz"]
[Site "Beijing"]
[Date "2011.12.13"]
[Round "15"]
[White "Le, Quang Liem"]
[Black "Kamsky, Gata"]
[Result "1-0"]
[WhiteElo "2714"]
[BlackElo "2732"]
[PlyCount "53"]
[EventDate "2011.12.12"]
[EventType "swiss (blitz)"]
[EventRounds "15"]
[EventCountry "CHN"]
[SourceTitle "CBM 145 Extra"]
[Source "ChessBase"]
[SourceDate "2012.01.03"]
[SourceVersion "1"]
[SourceVersionDate "2012.01.03"]
[SourceQuality "1"]

1. d4 d5 2. c4 c6 3. Nf3 Nf6 4. Qb3 a5 5. cxd5 a4 6. Qc2 cxd5 7. Nc3 Bd7 8. a3
e6 9. Bg5 Qa5 10. Bd2 Qc7 11. Rc1 Bc6 12. e3 Be7 13. Nxa4 O-O 14. Nc3 Nbd7 15.
Bd3 Qb6 16. O-O h6 17. b4 Nb8 18. b5 Be8 19. a4 Bd7 20. Qb3 Rd8 21. Na2 Be8 22.
Rc2 Ne4 23. Bxe4 dxe4 24. Ne5 Nd7 25. Nc4 Qa7 26. a5 Rab8 27. Bb4 1-0

[Event "Beijing Sportaccord blindfold"]
[Site "Beijing"]
[Date "2011.12.14"]
[Round "1"]
[White "Kamsky, Gata"]
[Black "Wang, Yue"]
[Result "1/2-1/2"]
[WhiteElo "2732"]
[BlackElo "2697"]
[PlyCount "187"]
[EventDate "2011.12.14"]
[EventType "swiss (rapid)"]
[EventRounds "7"]
[EventCountry "CHN"]
[SourceTitle "CBM 145 Extra"]
[Source "ChessBase"]
[SourceDate "2012.01.03"]
[SourceVersion "1"]
[SourceVersionDate "2012.01.03"]
[SourceQuality "1"]

1. d4 Nf6 2. Nf3 d5 3. Bf4 c5 4. e3 Nc6 5. c3 e6 6. Nbd2 cxd4 7. exd4 Bd6 8.
Bg3 O-O 9. Bd3 a6 10. O-O Bxg3 11. hxg3 b5 12. b4 Qc7 13. Re1 Re8 14. a4 bxa4
15. Qxa4 Bd7 16. b5 Ne7 17. Qa3 axb5 18. Qxa8 Rxa8 19. Rxa8+ Nc8 20. Nb3 g6 21.
Nc5 Bc6 22. Ra3 Nd7 23. Nxd7 Bxd7 24. Ne5 Be8 25. Rb1 Nd6 26. Rba1 Kg7 27. Bf1
Ne4 28. Nd3 h5 29. Rc1 g5 30. Be2 h4 31. g4 Qb6 32. Bf3 Nd2 33. Rca1 b4 34.
Nxb4 Nxf3+ 35. gxf3 Bb5 36. Ra7 Qd6 37. Re1 Qf4 38. Re3 h3 39. Ra1 Be2 40. Nd3
Bxd3 41. Rxd3 Qb8 42. Re3 Qb2 43. Rf1 Qb8 44. Rfe1 Qf4 45. Rb1 Qc7 46. Rbe1 Qf4
47. Rd3 Qb8 48. Rdd1 Qf4 49. Re3 Qb8 50. Re5 Qb3 51. Rc1 Qb2 52. Ree1 Qd2 53.
Rcd1 Qxc3 54. Re3 Qc7 55. Red3 Kf6 56. Re3 Qc2 57. Red3 h2+ 58. Kg2 h1=Q+ 59.
Kxh1 Qxf2 60. R1d2 Qg3 61. Re2 Kg6 62. Rde3 Qf4 63. Rd3 Qg3 64. Rde3 Kg7 65.
Rb3 Kf8 66. Rbe3 Kg7 67. Rg2 Qc7 68. Rd3 Qc1+ 69. Kh2 Qf4+ 70. Kg1 f5 71. gxf5
exf5 72. Rf2 Kf6 73. Kg2 Kg6 74. Re2 Kh5 75. Rd1 g4 76. fxg4+ fxg4 77. Re5+ Kg6
78. Rd3 Kf6 79. Re2 Kg5 80. Re1 Kh4 81. Rh1+ Kg5 82. Re1 Qc7 83. Rde3 Qc2+ 84.
Kg3 Qd2 85. Re5+ Kg6 86. Re6+ Kf7 87. Re7+ Kf8 88. Re8+ Kf7 89. R1e7+ Kf6 90.
Re6+ Kf7 91. R8e7+ Kf8 92. Re8+ Kf7 93. R8e7+ Kf8 94. Re8+ 1/2-1/2

[Event "Beijing Sportaccord blindfold"]
[Site "Beijing"]
[Date "2011.12.14"]
[Round "2"]
[White "Dominguez Perez, Leinier"]
[Black "Kamsky, Gata"]
[Result "1-0"]
[WhiteElo "2712"]
[BlackElo "2732"]
[PlyCount "71"]
[EventDate "2011.12.14"]
[EventType "swiss (rapid)"]
[EventRounds "7"]
[EventCountry "CHN"]
[SourceTitle "CBM 145 Extra"]
[Source "ChessBase"]
[SourceDate "2012.01.03"]
[SourceVersion "1"]
[SourceVersionDate "2012.01.03"]
[SourceQuality "1"]

1. e4 g6 2. d4 Bg7 3. Nc3 d6 4. Be3 a6 5. Qd2 Nd7 6. O-O-O e6 7. h4 h5 8. Nh3
b5 9. Ng5 Ne7 10. Kb1 Bb7 11. f3 Nb6 12. b3 Qd7 13. g3 b4 14. Ne2 a5 15. Bh3
Qb5 16. Bxe6 fxe6 17. Nxe6 Kd7 18. Nxg7 Rh7 19. d5 Rxg7 20. Nd4 Qa6 21. Qg2 Rf7
22. Qh3+ Ke8 23. Ne6 Ng8 24. g4 a4 25. Rh2 Nf6 26. gxh5 gxh5 27. Nxc7+ Rxc7 28.
Qe6+ Re7 29. Qxf6 axb3 30. cxb3 Nxd5 31. Qg6+ Kd7 32. Qf5+ Kc7 33. Rxd5 Bxd5
34. Qxd5 Qf1+ 35. Kb2 Qg2+ 36. Rxg2 1-0

[Event "Beijing Sportaccord blindfold"]
[Site "Beijing"]
[Date "2011.12.15"]
[Round "3"]
[White "Kamsky, Gata"]
[Black "Karjakin, Sergey"]
[Result "1-0"]
[WhiteElo "2732"]
[BlackElo "2763"]
[PlyCount "175"]
[EventDate "2011.12.14"]
[EventType "swiss (rapid)"]
[EventRounds "7"]
[EventCountry "CHN"]
[SourceTitle "CBM 145 Extra"]
[Source "ChessBase"]
[SourceDate "2012.01.03"]
[SourceVersion "1"]
[SourceVersionDate "2012.01.03"]
[SourceQuality "1"]

1. d4 Nf6 2. c4 e6 3. Nf3 c5 4. d5 exd5 5. cxd5 Bd6 6. Nc3 O-O 7. g3 Bc7 8. Bg2
d6 9. O-O a6 10. a4 Re8 11. Nd2 Nbd7 12. Nc4 Rb8 13. Bf4 Nf8 14. a5 Ng6 15. Bg5
h6 16. Bxf6 Qxf6 17. f4 Bg4 18. h3 Qd4+ 19. Rf2 Bd7 20. Qxd4 cxd4 21. Ne4 Bxh3
22. Nexd6 Bxd6 23. Nxd6 Bxg2 24. Nxe8 Bxd5 25. Nd6 Rd8 26. Nf5 Be4 27. Nh4 d3
28. Rd1 Nxh4 29. gxh4 d2 30. e3 Rd5 31. b4 Rd3 32. Rdxd2 Rb3 33. Rb2 Rc3 34. f5
Rxe3 35. Rf4 Bc6 36. Rd2 f6 37. Kf2 Re5 38. Rd8+ Kf7 39. Rc8 h5 40. Rc7+ Kg8
41. Kg3 Re3+ 42. Kh2 Re2+ 43. Kg1 Re1+ 44. Kf2 Re5 45. Rc8+ Kf7 46. Rd8 Ke7 47.
Rd3 Kf7 48. Rc3 Rd5 49. Ke3 Ke7 50. Rc5 Rd1 51. Rd4 Rh1 52. b5 Bxb5 53. Rc7+
Kf8 54. Rxb7 Re1+ 55. Kd2 Re5 56. Rd8+ Be8 57. Rbb8 Kf7 58. Ra8 Bb5 59. Ra7+
Re7 60. Rda8 Rxa7 61. Rxa7+ Kg8 62. Rb7 Bf1 63. Ke3 Kh7 64. Kd4 Kh6 65. Rb6 Kh7
66. Kd5 Bd3 67. Ke6 Kg8 68. Rd6 Bc4+ 69. Ke7 Bb5 70. Rd5 Bc4 71. Rc5 Bd3 72.
Ke6 Be2 73. Rc8+ Kh7 74. Kf7 Bd3 75. Rc5 Kh6 76. Ke7 Kh7 77. Rd5 Bc4 78. Rd4
Bb5 79. Rd6 Kg8 80. Rd8+ Kh7 81. Kf8 Kh6 82. Rd6 Bc4 83. Rd2 g5 84. fxg6 Kxg6
85. Rf2 f5 86. Ke7 Bd5 87. Kd6 Be4 88. Ke5 1-0

[Event "Beijing Sportaccord blindfold"]
[Site "Beijing"]
[Date "2011.12.15"]
[Round "4"]
[White "Grischuk, Alexander"]
[Black "Kamsky, Gata"]
[Result "1/2-1/2"]
[WhiteElo "2752"]
[BlackElo "2732"]
[PlyCount "78"]
[EventDate "2011.12.14"]
[EventType "swiss (rapid)"]
[EventRounds "7"]
[EventCountry "CHN"]
[SourceTitle "CBM 145 Extra"]
[Source "ChessBase"]
[SourceDate "2012.01.03"]
[SourceVersion "1"]
[SourceVersionDate "2012.01.03"]
[SourceQuality "1"]

1. e4 e6 2. d4 d5 3. Nc3 Bb4 4. e5 c5 5. a3 Bxc3+ 6. bxc3 Ne7 7. h4 Qa5 8. Bd2
Qa4 9. h5 b6 10. Rh4 Ba6 11. Nf3 Bxf1 12. Kxf1 Nbc6 13. h6 gxh6 14. dxc5 Qb5+
15. c4 Qxc5 16. Bb4 Nxb4 17. axb4 Qc7 18. cxd5 Nxd5 19. c4 Ne7 20. Qa4+ Kf8 21.
Rd1 Rd8 22. Rxd8+ Qxd8 23. Rd4 Qc7 24. Qd7 Qxd7 25. Rxd7 Rg8 26. Nd2 Nc6 27. b5
Nxe5 28. Rxa7 Rg4 29. Rc7 Ke8 30. c5 bxc5 31. Rxc5 Nd7 32. Rc8+ Ke7 33. Nc4 Rg5
34. b6 Rb5 35. Rc7 Kd8 36. Rc6 Nb8 37. Rc7 Nd7 38. Rc6 Nf6 39. Rc7 Nd7 1/2-1/2